| 000 | 01210 a2200229 4500 | ||
|---|---|---|---|
| 005 | 20080909112916.0 | ||
| 008 | 080909t xxu||||| |||| 00| 0 hin d | ||
| 010 | _aHIN-80256 | ||
| 020 |
_a8181600509 _c200.00 |
||
| 035 | _aHN-52602 | ||
| 037 | _bD.B.Act / pub | ||
| 082 | _a821.08 | ||
| 100 | _aविद्यार्थी, वि. | ||
| 245 |
_aलोकोन्मुख कवि निरालाःप्रतिनिधि कृतियों का भाव-सौन्दर्य _cवि. विद्यार्थी |
||
| 246 |
_aLokonmukh Kavi Nirala _bby V. Vidhyarathi |
||
| 260 |
_aनई दिल्ली _bसार्थक प्रकाशन _c2007 |
||
| 270 |
_a100 ए, गौतम नगर _bनई दिल्ली _e110049 _k26567317 |
||
| 300 |
_a119पृ _c22 सेमी(सजिल्द) |
||
| 650 | _a(Criticism) | ||
| 942 |
_adpl _cHN _k821.08 / विद्यार्थी _2ddc _h821.08 _mविद्यार्थी |
||
| 999 |
_c5307 _d5307 |
||